Đất thiêng ngàn năm văn vật
Nội dung gồm 3 phần. Ph.1: Đất thiêng Thăng Long - Hà Nội; Ph.2: Thăng Long - Hà Nội dấn mình cùng đất nước; Ph.3: Tinh hoa văn hóa Thăng Long - Hà Nội
Tallennettuna:
| Päätekijä: | |
|---|---|
| Muut tekijät: | |
| Aineistotyyppi: | Kirja |
| Kieli: | Undetermined |
| Julkaistu: |
H.
Hà Nội
2010
|
| Aiheet: | |
| Linkit: | http://lrc.tdmu.edu.vn/opac/search/detail.asp?aID=2&ID=20751 |
| Tagit: |
Lisää tagi
Ei tageja, Lisää ensimmäinen tagi!
|
| Thư viện lưu trữ: | Trung tâm Học liệu Trường Đại học Thủ Dầu Một |
|---|
| LEADER | 01080nam a2200217Ia 4500 | ||
|---|---|---|---|
| 001 | TDMU_20751 | ||
| 008 | 210410s9999 xx 000 0 und d | ||
| 082 | |a 306.09 59731 | ||
| 090 | |b TR121 | ||
| 100 | |a Trần, Quốc Vượng | ||
| 245 | 0 | |a Đất thiêng ngàn năm văn vật | |
| 245 | 0 | |c Trần Quốc Vượng; Nguyễn Hải Kế và [nh.ng. khác] (Tuyển chọn và giới thiệu) | |
| 260 | |a H. | ||
| 260 | |b Hà Nội | ||
| 260 | |c 2010 | ||
| 300 | |a 544tr | ||
| 520 | |a Nội dung gồm 3 phần. Ph.1: Đất thiêng Thăng Long - Hà Nội; Ph.2: Thăng Long - Hà Nội dấn mình cùng đất nước; Ph.3: Tinh hoa văn hóa Thăng Long - Hà Nội | ||
| 650 | |a Văn hóa |z Hà Nội (Việt Nam); Lịch sử Văn hóa |z Việt Nam; Lịch sử |z Hà Nội (Việt Nam) | ||
| 700 | |a Đỗ, Thị Hương Thảo | ||
| 856 | |u http://lrc.tdmu.edu.vn/opac/search/detail.asp?aID=2&ID=20751 | ||
| 980 | |a Trung tâm Học liệu Trường Đại học Thủ Dầu Một | ||